000 00791nam a2200265Ia 4500
003 OSt
005 20220928131446.0
006 a|||||r|||| 00| 0
007 ta
008 220927b |||||||| |||| 00| 0 eng d
020 _cUKP 125.00
024 _a139480
037 _b078, 05/02/2019, N.R.Book Distributors
_cTextual
040 _aSDCL
_cSDCL
_beng
041 _2eng
_aeng
082 _aG9M, Q8
100 _aSengar Rakesh S.
_9478254
245 0 _aAdvances in molecular techniques
260 _aNew York
_b CRC Press
_c2018
300 _axxix,436p.
_ccm.
650 _aGenetics
700 _a Senger Rakesh S.
_9478255
942 _hG9M, Q8
_cTEXL
_2CC
999 _c790752
_d790752